=LDR 00000nam 2200000 4500 =001 INLIS000000000014281 =005 20251209095246 =035 ##$$a 0010-061300000014281 =008 251209################g##########0#ind## =041 ##$$a Ind =082 ##$$a R.639.203 =090 ##$$a 639.203, glo =245 ##$$a Glosarium perikanan seri golsarium : GL 13 =260 ##$$a Jakarta :$b Yayasan Obor Indonesia,$c 2003 =300 ##$$a iv, 148 hlm ; $c 21 x 15 Cm. =650 #4$$a Perikanan =850 ##$$a NBPNMAT =020 ##$$a 979-497-292-4 =084 ##$$a R.639.203 GLO g =250 ##$$a Cet. 1 =990 ##$$a 30501941 =990 ##$$a 30501942 =990 ##$$a 30501943 =990 ##$$a 30501944 =990 ##$$a 20705643 =990 ##$$a 20705642 =990 ##$$a 20705641 =990 ##$$a 20705640